Statistics for Who Set That NFL Record?

Click here to take the quiz!

General Stats

  • This quiz has been taken 32 times
  • The average score is 7 of 20

Answer Stats

QuestionAnswer% Correct
Most sacks, season- 22.5Michael Strahan
92%
Most Super Bowl appearances- 11New England Patriots
65%
Most Super Bowl wins as kicker- 4Adam Vinatieri
62%
Biggest point deficit overcome to win a game- 32Buffalo Bills, 1991
62%
First 2,000 yard rushing seasonO.J. Simpson
62%
Most points scored on the road, season- 314New England Patriots, 2007
46%
Most rushing yards gained in one season- 3,296Baltimore Ravens, 2019
42%
Most games with 100+ rushing yards, season- 14Barry Sanders
38%
Most seasons leading league in passing yards- 7Drew Brees
38%
Most career regular season home losses (QB)- 56Eli Manning
38%
Most consecutive quarters without allowing a touchdown- 22Pittsburgh Steelers, 1976
35%
Longest run by QB- 93 yardsTerrelle Pryor
35%
Oldest player to score two rushing touchdowns in a gameTom Brady
31%
Most starts, career, one team- 292Bruce Matthews
23%
Lowest all time winning percentage for post season- 0.263Cincinnati Bengals
19%
Most seasons leading league in interceptions- 4Vinny Testaverde
19%
Most sacks allowed, season- 104Philadelphia Eagles, 1986
15%
Most consecutive games without a takeaway- 8Tampa Bay Buccaneers, 2018
15%
Most yards allowed, passing, season- 4,796Green Bay Packers, 2011
4%
Most points per home game, season- 41.1New Orleans Saints, 2011
4%

Score Distribution

Percentile by Number Answered

Percent of People with Each Score

Your Score History

You have not taken this quiz